000 00547nam a2200157Ia 4500
008 230907s9999||||xx |||||||||||||| ||und||
082 _a621.31
100 _aMudassar Hassan Saeed (00000275858)
_9116620
245 0 _aOptoelectronic and Electrochemical Properties of Highly Efficient Metal Doped ZnO as Electron Transport Layer in Perovskite Solar Cell /
260 _aUSPCAS-E, NUST,
_bIslamabad :
_c2021
300 _ax, 73 p
520 _aTH-300
650 _aMS-EEP Thesis
_9116621
700 _aDr Sehar Shakir
_9117750
942 _cTHE
_2ddc
999 _c601978
_d601978